Welcome to the Holygrace Academy Library

Please use search bar below to get started

RATS FOR CATS: ILLUSTRATED THENALI RAMAN STORIES (Record no. 8869)

MARC details
000 -LEADER
fixed length control field 00394nam a22001337a 4500
082 ## - DEWEY DECIMAL CLASSIFICATION NUMBER
Classification number 823
Item number KAN/R
100 ## - MAIN ENTRY--AUTHOR NAME
Personal name KANAKARAGHAVAN
245 ## - TITLE STATEMENT
Title RATS FOR CATS: ILLUSTRATED THENALI RAMAN STORIES
246 ## - VARYING FORM OF TITLE
Title proper/short title RATS FOR CATS: ILLUSTRATED THENALI RAMAN STORIES
Remainder of title RATS FOR CATS: ILLUSTRATED THENALI RAMAN STORIES
260 ## - PUBLICATION, DISTRIBUTION, ETC. (IMPRINT)
Place of publication INDIA
Name of publisher H & C
Year of publication 2022
300 ## - PHYSICAL DESCRIPTION
Number of Pages 48
650 ## - SUBJECT ADDED ENTRY--TOPICAL TERM
Topical Term ENGLISH STORY
942 ## - ADDED ENTRY ELEMENTS (KOHA)
Koha item type Books
Holdings
Withdrawn status Lost status Collection code Home library Current library Shelving location Date acquired Source of acquisition Cost, normal purchase price Full call number Accession Number Koha item type
    Fiction Main Library Main Library SHELF 4-D MYTHOLOGY 06/07/2024 PURCHASED 40.00 823 KAN/R 13639 Books